书目信息 |
| 书名: | CLASSICAL DICTIONARY | |
| 作者: | G.E.MARINDIN. | |
| 分册号: | ||
| 分册名: | 出版地: | LONDON : |
|
| 出版社: | Hazell,Watson & Viney,Ld | |
| 出版时间: | ||
| 页数: | 1018 p. ; | |
| 开本: | 23cm. | |
| 丛书名: | ||
| 中图分类号: | ||
| 科图分类号: | ||
| 其他分类号: | B932-61 | |
| 主题词: | ||
| 电子资源: | ||
| 000 | 00384nam 2200145 a 4500 | |
| 001 | E0753017250 | |
| 005 | 20070425144747.35 | |
| 008 | 070425s 00010 eng | |
| 040 | @aPFT@beng | |
| 090 | @aB932-61@v4 | |
| 099 | @dB932-61@ex1=4 | |
| 245 | 1 | @aCLASSICAL DICTIONARY / @cG.E.MARINDIN. |
| 260 | @aLONDON :@bHazell,Watson & Viney,Ld. | |
| 300 | @a1018 p. ;@c23cm. | |
| 700 | @aMARINDIN.G.E | |
| CLASSICAL DICTIONARY / / G.E.MARINDIN.-LONDON : : Hazell,Watson & Viney,Ld. |
| 1018 p. ; ; 23cm. |
| ISBN |
| ● |
| 相关链接 |
|
|
|
|
正题名:CLASSICAL DICTIONARY
索取号:B932-61/x1=4
 
预约/预借
| 序号 | 登录号 | 条形码 | 馆藏地/架位号 | 状态 | 备注 |
| 1 | 183266 | 001169595 | 第二样本阅览室/ [索取号:B932-61/x1=4] | 在馆 |